000 00233 a2200097 4500
001 49421
100 _aLamb, G F
245 _aThe Spirit of Modern Addenture
260 _aLondon
_bGeorge G Harrap & Company
_c
090 _c31957
_d31957
942 _aNUST-CAE
_cM
_c24399
999 _c284494
_d284494